00677 2200265 4500001002100000005001500021035002000036007000300056008004100059020002200100082001200122084001800134100001100152245006600163250001000229260003800239300003500277650001700312990001400329990001200343990001400355990001400369990001400383990001400397INLIS00000000000775020260518080546 a0010-0526000001ta260518 | | ind  a978-979-002-773-2 a636.514 a636.514 NUR p0 aNuroso1 aPanduan Praktis Beternak Ayam Kampung hari per hari /cNuroso aCet 1 aJakarta :bPenebar Swadaya,c2018 a84 hlm :bilus, color ;c23 cm 4aayam kampung a5513.3/24 a5513/24 a5513.2/24 a5513.4/24 a5513.5/24 a5513.6/24